[Event "ARG-ch sf 92nd"]
[Site "Buenos Aires"]
[Date "2017.07.17"]
[Round "9.42"]
[White "Portero, Maximiliano"]
[Black "Liguo, Victoria"]
[Result "1/2-1/2"]
[WhiteElo "1077"]
[BlackElo "1567"]
[PlyCount "64"]
[EventDate "2017.07.10"]
[EventType "swiss"]
[EventRounds "9"]
[EventCountry "ARG"]
[SourceTitle "EXT 2018"]
[Source "ChessBase"]
[SourceDate "2017.10.13"]
[SourceVersion "1"]
[SourceVersionDate "2017.10.13"]
[SourceQuality "1"]

1. d4 d5 2. Nf3 Nf6 3. Bf4 e6 4. e3 Be7 5. Be2 Nbd7 6. Nbd2 b6 7. c3 Bb7 8. 0-0 0-0 9. Ne5 Rc8 10. a4 a6 11. Re1 c5 12. Ndf3 Nxe5 13. Nxe5 Nd7 14. b3 Nxe5 15. dxe5 f6 16. Bf3 fxe5 17. Bxe5 Bf6 18. Bxf6 Qxf6 19. c4 Rcd8 20. Qe2 Bc8 21. cxd5 exd5 22. Rad1 Qg5 23. e4 dxe4 24. Qc4+ Kh8 25. Rxd8 Rxd8 26. Qxe4 h6 27. h4 Qf6 28. Rd1 Rxd1+ 29. Bxd1 Qa1 30. Qe8+ Kh7 31. Qe4+ Kh8 32. Qe8+ Kh7 1/2-1/2

[Event "ARG-ch sf 92nd"]
[Site "Buenos Aires"]
[Date "2017.07.14"]
[Round "5"]
[White "Andrade, Jose"]
[Black "Portero, Maximiliano"]
[Result "1-0"]
[WhiteElo "1663"]
[BlackElo "1077"]
[PlyCount "61"]
[EventDate "2017.07.10"]
[EventType "swiss"]
[EventRounds "9"]
[EventCountry "ARG"]
[SourceTitle "EXT 2018"]
[Source "ChessBase"]
[SourceDate "2017.10.13"]
[SourceVersion "1"]
[SourceVersionDate "2017.10.13"]
[SourceQuality "1"]

1. Nf3 Nf6 2. c4 g6 3. d4 Bg7 4. Nc3 d6 5. e4 0-0 6. Be2 a6 7. 0-0 Bd7 8. h3 Nc6 9. Re1 e5 10. d5 Ne7 11. Nh2 h6 12. Be3 c6 13. Qd2 cxd5 14. cxd5 g5 15. h4 Nh7 16. hxg5 hxg5 17. Bxg5 Nxg5 18. Qxg5 f5 19. Nf3 f4 20. Bc4 b5 21. Bb3 Rf6 22. Nxe5 dxe5 23. d6+ Be6 24. dxe7 Qe8 25. Bxe6+ Rxe6 26. Nd5 Ra7 27. Rac1 Raxe7 28. Nxe7+ Rxe7 29. Red1 Rd7 30. Qg4 Kh7 31. Rxd7 1-0